Housing the Nation (Record no. 115026)

MARC details
000 -LEADER
fixed length control field 01315cam a22001935a 4500
001 - CONTROL NUMBER
control field L157911
008 - FIXED-LENGTH DATA ELEMENTS--GENERAL INFORMATION
fixed length control field 130717s2013 xxk f 000 0 eng d
035 ## - SYSTEM CONTROL NUMBER
System control number (Sirsi) u157911
041 0# - LANGUAGE CODE
Language code of text/sound track or separate title eng
110 2# - MAIN ENTRY--CORPORATE NAME
Corporate name or jurisdiction name as entry element BNP Paribas Real Estate
9 (RLIN) 5715
245 00 - TITLE STATEMENT
Title Housing the Nation
Remainder of title Summer 2013
Medium [electronic resource]
260 ## - PUBLICATION, DISTRIBUTION, ETC.
Place of publication, distribution, etc. London
Name of publisher, distributor, etc. BNP Paribas Real Estate
Date of publication, distribution, etc. 2013
520 ## - SUMMARY, ETC.
Summary, etc. Notes that UK continues to have a shortfall in available housing, looks at the role of private rented sector (prs) in providing housing, assesses the impact of schemes such as Help to Buy on meeting demand for new housing and the increase in number of planning applications for new homes following review of the National Planning Policy Framework (NPPF). Concludes that local demographic needs will vary from region to region, calls for a relaxation of planning regulations to allow building on greenfield sites and make more public land available for building and to increase house building targets.
590 ## - LOCAL NOTE (RLIN)
Local note KA
651 #4 - SUBJECT ADDED ENTRY--GEOGRAPHIC NAME
Geographic name United Kingdom
Chronological subdivision
690 ## - LOCAL SUBJECT ADDED ENTRY--TOPICAL TERM (OCLC, RLIN)
Topical term or geographic name as entry element Residential property
9 (RLIN) 6266
856 40 - ELECTRONIC LOCATION AND ACCESS
Uniform Resource Identifier <a href="https://www.realestate.bnpparibas.co.uk/upload/docs/application/pdf/2013-06/bnppre_housing_the_nation_2013_2013-06-21_13-00-22_940.pdf">https://www.realestate.bnpparibas.co.uk/upload/docs/application/pdf/2013-06/bnppre_housing_the_nation_2013_2013-06-21_13-00-22_940.pdf</a>
Public note View the item free of charge from the www.realestate.bnpparibas.co.uk website.
942 ## - ADDED ENTRY ELEMENTS (KOHA)
Suppress in OPAC 0
Holdings
Withdrawn status Lost status Source of classification or shelving scheme Damaged status Not for loan Home library Current library Shelving location Date acquired Total Checkouts Full call number Barcode Date last seen Copy number Price effective from Koha item type
    Dewey Decimal Classification     Virtual Virtual Online 17/07/2013   ONLINE PUBLICATION 157911-2001 06/08/2019 1 06/08/2019 Book